00319nam a2200133Ia 4500008004100000041000800041082001600049100001600065245003500081260001800116300000800134365001600142700002700158230718s9999 xx 000 0 und d aeng a006.35bJUR aJurafsky D. aSpeech And Language Processing c2000bPearson a934 cRs.b425.00 aJurafsky D. & Martin J